000 00365nam a2200145Ia 4500
005 20250522013104.0
008 240331s9999 xx 000 0 und d
082 _a301
_bSEN
100 _aSenthivel, C.K.
245 0 _aManitarum samuka vaalvum
260 _aNeerveli
_bThayagam Pathippagam
_c1994
300 _a80 p .,
650 _aSocial History notes
942 _cL
999 _c1077
_d1077